00323nam a22001097a 4500003000400000020001500004082001900019100005100038245006700089260004900156300000800205SGT a8188267236 a891.4309bJ11S aस्वरुप, देवेंद्र  aजाति- विहीन समाज का सपना bग्रन्थ अकादमी c201 a250